| 000 | 00861nam a2200217 a 4500 | ||
|---|---|---|---|
| 003 | AM-YEHGA | ||
| 001 | 1415504 | ||
| 005 | 20250617164421.0 | ||
| 008 | 181019s1962 ru |||||r|||||000|1|rus|| | ||
| 040 | _aAM-YeHGA | ||
| 041 | 1 |
_arus _hchm |
|
| 100 | 1 | _aКаткова, Зинаида Федоровна | |
| 245 | 1 | 0 |
_aЕсли бы не война... : _bПовесть / _cЗинаида Каткова ; [Перевод с марийского Ю.С. Новикова]. |
| 260 |
_aЙошкар-Ола : _bМаркнигоиздат, _c1962. |
||
| 300 |
_a58 с. ; _c20 см. |
||
| 650 | 1 | 4 |
_aМарийская литература _xПроза |
| 653 | 0 | _aМолодежь в Великой Отечественной войне 1941-1945 гг. (х. л.) | |
| 700 | 1 |
_aНовиков, Ю.С. _eпер. _4trl |
|
| 942 |
_2udc _cBK |
||
| 090 | _c527016 | ||
| 999 |
_c523402 _d523402 |
||